00748nam a2200205Ia 4500003000900000008004100009020001800050040001600068080002200084100002000106245015300126260003400279300001600313650003400329650003600363650002300399942000700422999001500429952009800444IN-BaIIA211028s9999 xx 000 0 eng d a3-540-08295-6 cIIA Library a519.2:535.33bSAL aSaleh, B914173 0aPhotoelectron statisticsbwith applications to spectroscopy and opt.ical communicationcB. Saleh  aBerlinbSpringer-Verlagc1978 axiii, 441p. aOptical Communications910869 aPhotoelectron statistics914174 aSpectroscopy91535 cBK c8459d8459 00104070aBANbBANcGENd1985-09-05l0o519.2:535.33/ SALp9311r2021-11-05w1985-09-05yBK